Catalog

Record Details

Catalog Search



Charta der Grundrechte der Europäischen Union  Cover Image Book Book

Charta der Grundrechte der Europäischen Union / Jürgen Meyer (Hrsg.) ; Norbert Bernsdorff, Martin Borowsky, Albin Eser, Sven Hölscheidt, Siegfried Magiera, Jürgen Meyer, Beate Rudolf

Meyer, Jürgen, 1936- (Editor, Author). Bernsdorff, Norbert (Author). Borowsky, Martin (Author). Eser, Albin, 1935- (Author). Hölscheidt, Sven (Author). Magiera, Siegfried (Author). Rudolf, Beate, 1964- (Author). Evropská unie (Added Author).

Record details

  • ISBN: 978-3-7089-1118-2
  • ISBN: 978-3-8487-0553-5
  • ISBN: 978-3-7190-3559-4
  • Physical Description: 859 stran
  • Edition: 4. Auflage
  • Publisher: Baden-Baden : Nomos ; 2014

Content descriptions

Bibliography, etc. Note:
Obsahuje bibliografii, bibliografické odkazy a rejstřík
Subject: Evropská unie. Charter of Fundamental Rights (2007 prosinec 12.). Česky
evropské právo
lidská práva
země Evropské unie
Genre: zákony
komentáře

Available copies

  • 1 of 1 copy available at Common Catalog SPOK.

Holds

  • 0 current holds with 1 total copy.
Show Only Available Copies
Location Call Number / Copy Notes Barcode Shelving Location Status Due Date
Jabok Library ET-9.2/M 424480036572 Odborná literatura Available -

LDR 01945nam a2200493 i 4500
00119599
003CZ-PrJAB
00520220426122329.0
008030325s2014 gw l ||| ||ger d
020 . ‡a978-3-7089-1118-2 ‡q(facultas)
020 . ‡a978-3-8487-0553-5 ‡q(Nomos)
020 . ‡a978-3-7190-3559-4 ‡q(Helbing)
035 . ‡a(CZ PrSKC)002017531
040 . ‡aSzZuIDS HSG ‡bcze ‡dABD003 ‡erda
043 . ‡ae------
072 7. ‡a34 ‡xPrávo ‡2Konspekt ‡916
24500. ‡aCharta der Grundrechte der Europäischen Union / ‡cJürgen Meyer (Hrsg.) ; Norbert Bernsdorff, Martin Borowsky, Albin Eser, Sven Hölscheidt, Siegfried Magiera, Jürgen Meyer, Beate Rudolf
24618. ‡aCharta der Grundrechte der EU
250 . ‡a4. Auflage
264 1. ‡aBaden-Baden : ‡bNomos ; ‡c2014 ‡aBasel : ‡bHelbing ; ‡aWien : ‡bFacultas,
300 . ‡a859 stran
336 . ‡atext ‡btxt ‡2rdacontent
337 . ‡abez média ‡bn ‡2rdamedia
338 . ‡asvazek ‡bnc ‡2rdacarrier
4901 . ‡aNomosKommentar
504 . ‡aObsahuje bibliografii, bibliografické odkazy a rejstřík
61027. ‡aEvropská unie. ‡tCharter of Fundamental Rights ‡d(2007 prosinec 12.). ‡lČesky ‡7kon2010555310 ‡2czenas
65007. ‡aevropské právo ‡7ph121776 ‡2czenas
65007. ‡alidská práva ‡7ph122331 ‡2czenas
651 7. ‡azemě Evropské unie ‡7ge131521 ‡2czenas
655 7. ‡azákony ‡7fd133886 ‡2czenas
655 7. ‡akomentáře ‡7fd132578 ‡2czenas
7001 . ‡aMeyer, Jürgen, ‡d1936- ‡7skuk0004079 ‡4edt ‡4aut
7001 . ‡aBernsdorff, Norbert ‡4aut
7001 . ‡aBorowsky, Martin ‡4aut
7001 . ‡aEser, Albin, ‡d1935- ‡7jo2007251554 ‡4aut
7001 . ‡aHölscheidt, Sven ‡4aut
7001 . ‡aMagiera, Siegfried ‡4aut
7001 . ‡aRudolf, Beate, ‡d1964- ‡7jo2013745135 ‡4aut
7102 . ‡aEvropská unie ‡7kn20010711086
830 0. ‡aNomosKommentar
901 . ‡a19599 ‡b ‡c19599 ‡tbiblio

Additional Resources